Ink on Paper / A Handbook Og the Graphic Arts (Record no. 1824)
[ view plain ]
| 000 -LEADER | |
|---|---|
| fixed length control field | 01049cam a22001934a 4500 |
| 005 - ΗΜΕΡΟΜΗΝΙΑ ΚΑΙ ΩΡΑ ΤΕΛΕΥΤΑΙΑΣ ΕΝΗΜΕΡΩΣΗΣ | |
| Πεδίο ελέγχου | 20250605164020.0 |
| 008 - FIXED-LENGTH DATA ELEMENTS--GENERAL INFORMATION | |
| Πεδίο ελέγχου σταθερού μήκους | 250528s ||||||||||||||||||||||||d |
| 035 ## - SYSTEM CONTROL NUMBER | |
| System control number | 16312 |
| 040 ## - ΠΗΓΗ ΚΑΤΑΛΟΓΟΓΡΑΦΗΣΗΣ | |
| Φορέας πρωτότυπης καταλογογράφησης | MC Athens Campus Library |
| Γλώσσα καταλογογράφησης | Ελληνικά, Μοντέρνα (1453-) |
| Modifying agency | MC Athens Campus Library |
| Κανόνες περιγραφικής καταλογογράφησης | AACR2 |
| 245 1# - ΤΙΤΛΟΣ ΚΑΙ ΔΗΛΩΣΗ ΥΠΕΥΘΥΝΟΤΗΤΑΣ | |
| Τίτλος | Ink on Paper / A Handbook Og the Graphic Arts |
| 260 ## - PUBLICATION, DISTRIBUTION, ETC. | |
| Name of publisher, distributor, etc. | Harper & Row Publishers, |
| Date of publication, distribution, etc. | 1963 |
| 300 ## - PHYSICAL DESCRIPTION | |
| Extent | 328 |
| 505 0# - FORMATTED CONTENTS NOTE | |
| Formatted contents note | Written Language, The Latin Alphabet, Printing Types, Printers' Terms, Setting Type, Copyfitting, Proofreading, Layout, Letterpress, Printing Plates, Color, Color Printing, Intaglio, Offset Lithography, The Fine Arts, Cold Type, Paper, Ink, The Bindery, Planning Printing, Glossary, Index. |
| 520 ## - SUMMARY, ETC. | |
| Summary, etc. | Written Language, The Latin Alphabet, Printing Types, Printers' Terms, Setting Type, Copyfitting, Proofreading, Layout, Letterpress, Printing Plates, Color, Color Printing, Intaglio, Offset Lithography, The Fine Arts, Cold Type, Paper, Ink, The Bindery, Planning Printing, Glossary, Index. |
| 700 1# - ΠΡΟΣΘΕΤΗ ΑΝΑΓΡΑΦΗ--ΦΥΣΙΚΟ ΠΡΟΣΩΠΟ | |
| Personal name | Arnold Edmund C. |
| 9 (RLIN) | 2390 |
| 942 ## - ADDED ENTRY ELEMENTS (KOHA) | |
| Koha item type | Books |
| Τύπος τεκμηρίου | Βιβλιοθήκη | Τρέχουσα τοποθεσία | Barcode | Αριθμός εισαγωγής | Ημερομηνία απόκτησης | Ταξιθετικό σύμβολο | Αριθμός αντιτύπου | Κατάσταση απόσυρσης | Κατάσταση χαμένου | Κατάσταση κατεστραμμένου | Μη δανεισμός | Σύνολο δανεισμών | Ημερομηνία τελευταίας εμφάνισης | Η τιμή ισχύει από |
|---|---|---|---|---|---|---|---|---|---|---|---|---|---|---|
| Books | MC Athens Campus Library | MC Athens Campus Library | 9780000018236 | 3402 | 05/06/2025 | 686.2 ARN | 1 | 05/06/2025 | 05/06/2025 |